Statistics for Guess the football (soccer) club!

Click here to take the quiz!

General Stats

  • This quiz has been taken 198 times
  • The average score is 11 of 20

Answer Stats

HintAnswer% Correct
You never walk aloneLiverpool
97%
La MasiaBarcelona
90%
White houseReal Madrid
84%
Fergie timeManchester United
83%
Allianz ArenaBayern Munchen
82%
Roman AbramovichChelsea
77%
Old LadyJuventus
77%
PeléSantos
77%
Silvio BerlusconiAC Milan
73%
Total footballAjax Amsterdam
42%
Old FirmCeltic
42%
Another Old FirmRangers
42%
El superclasicoBoca Juniors
40%
Another El superclasicoRiver Plate
38%
BubblesWest Ham United
38%
Yellow submarineVillarreal
29%
RapidviertelstundeRapid Wien
21%
The CathedralAthletic Bilbao
12%
Black PantherBenfica
11%
The Death matchDynamo Kyiv
3%

Score Distribution

Percentile by Number Answered

Percent of People with Each Score

Your Score History

You have not taken this quiz